| 000 | 02047cam a22004694i 4500 | ||
|---|---|---|---|
| 003 | PE-LiUPU | ||
| 005 | 20250731173510.0 | ||
| 008 | 150623s1979 mui r 000 0 spa d | ||
| 020 | _a0802880525 | ||
| 035 | _a(Sirsi) i9780802880529 | ||
| 040 |
_aPE-LiUPU _bspa _cPE-LiUPU _erda |
||
| 049 | _aPRUA | ||
| 082 | 0 | 4 |
_a270.9 _bS311979 _221 |
| 100 | 1 |
_aSchaff, Philip, _eautor. |
|
| 245 | 1 | 0 |
_aHistory of the christian church. _n6,The Middle Ages / _cPhilip Schaff. |
| 264 | 1 |
_aMichigan : _bWm. B. Eerdmans Publishing Company, _c1979. |
|
| 300 |
_a793 páginas ; _c22 centímetros |
||
| 336 |
_atext _2rdacontent |
||
| 337 |
_aunmediated _2rdamedia |
||
| 338 |
_avolume _2rdacarrier |
||
| 505 | 0 | _aThe decline of the papacy and the avignon exile. The papal schism and the reformatory councils. Leaders of catholic thought. The german mystics. Reformers before the reformation. The last popes of the middle ages. Heresy and witchcraft. the renaissance. | |
| 526 | _aSEG42 | ||
| 526 | _aSEG41 | ||
| 526 | _aSEG40 | ||
| 526 | _aSEG39 | ||
| 526 | _aP94 | ||
| 526 | _aP87 | ||
| 526 | _aP86 | ||
| 526 | _aP85 | ||
| 526 | _aP77 | ||
| 526 | _aP76 | ||
| 526 | _aP35 | ||
| 650 | 0 | 4 |
_aIglesia _xHistoria _yEdad Media, 1294-1517 d. C. |
| 942 |
_2ddc _cBOOK |
||
| 949 |
_a270.9 S31 6 1979 _wDEWEY _c1 _i52957 _lCCODEBUL1 _mBUL _p25.00 _r0 _sY _tBOOK _u2015-6-24 _xTEOLOGIA _PP35 _0COMPRA _o.STAFF. Colección Teología |
||
| 949 |
_a270.9 S31 6 _wDEWEY _c1 _i40756 _lCCODEBUL1 _mBUL _r0 _sY _tBOOK _u2015-6-16 _xTEOLOGIA _zUNKNOWN _0COMPRA _o.STAFF. Colección Teología |
||
| 994 |
_aC0 _bPEPRU |
||
| 596 | _a1 | ||
| 999 |
_a270.9 S31 6 _wDEWEY _c58544 _i40756 _f2021-11-11 _g5 _lCCODEBUL1 _mBUL _r0 _sY _tBOOK _u2015-6-16 _xTEOLOGIA _zUNKNOWN _0COMPRA _o.STAFF. Colección General _d58544 |
||
| 999 |
_a270.9 S31 6 1979 _wDEWEY _c1 _i52957 _d2019-6-18 _e2017-4-20 _f2021-11-11 _g5 _lCCODEBUL1 _mBUL _n2 _p25.00 _q2 _r0 _sY _tBOOK _u2015-6-24 _xTEOLOGIA _PP35 _0COMPRA _o.STAFF. Colección Teología |
||
| 980 |
_81 _gALBERTO SANCHEZ Responsable de Automatización |
||